<?xml version="1.0" encoding="UTF-8"?>
<collection xmlns="http://www.loc.gov/MARC21/slim">
 <record>
  <leader>00720pamaa2200205   4500</leader>
  <controlfield tag="001">0000018479</controlfield>
  <controlfield tag="005">20131030090000.0</controlfield>
  <datafield tag="020" ind1="0" ind2="0">
   <subfield code="a">0300069782 </subfield>
  </datafield>
  <datafield tag="082" ind1=" " ind2=" ">
   <subfield code="a">303.482 BRI</subfield>
  </datafield>
  <datafield tag="090" ind1="0" ind2="0">
   <subfield code="a">E179.U59 </subfield>
   <subfield code="b">BRI 1997</subfield>
  </datafield>
  <datafield tag="245" ind1="0" ind2="0">
   <subfield code="a">BRITAIN and America : </subfield>
   <subfield code="b">studies in comparative history, 1760-1970  </subfield>
   <subfield code="c">edited by David Englander.</subfield>
  </datafield>
  <datafield tag="260" ind1="0" ind2="0">
   <subfield code="a">New Haven: </subfield>
   <subfield code="b">Yale University Press, </subfield>
   <subfield code="c">1997.</subfield>
  </datafield>
  <datafield tag="300" ind1=" " ind2=" ">
   <subfield code="a">ix, 317p.: </subfield>
   <subfield code="b">24cm.</subfield>
  </datafield>
  <datafield tag="651" ind1="0" ind2="0">
   <subfield code="a">United States -- </subfield>
   <subfield code="x">History -- </subfield>
   <subfield code="y">1783-1865 </subfield>
  </datafield>
  <datafield tag="651" ind1="0" ind2="0">
   <subfield code="a">United States -- </subfield>
   <subfield code="x">History -- </subfield>
   <subfield code="y">1865- </subfield>
  </datafield>
  <datafield tag="651" ind1="0" ind2="0">
   <subfield code="a">Great Britain -- </subfield>
   <subfield code="y">17th century </subfield>
  </datafield>
  <datafield tag="651" ind1="0" ind2="0">
   <subfield code="a">Great Britain -- </subfield>
   <subfield code="x">History -- </subfield>
   <subfield code="y">18th century </subfield>
  </datafield>
  <datafield tag="651" ind1="0" ind2="0">
   <subfield code="a">Great Britain -- </subfield>
   <subfield code="y">20th century </subfield>
  </datafield>
  <datafield tag="700" ind1="1" ind2="1">
   <subfield code="a">Englander, </subfield>
   <subfield code="h">David </subfield>
  </datafield>
  <datafield tag="710" ind1="1" ind2="1">
   <subfield code="a">Open University </subfield>
  </datafield>
 </record>
</collection>
